| 000 | 01209 a2200313 4500 | ||
|---|---|---|---|
| 003 | OSt | ||
| 005 | 20180116192325.0 | ||
| 008 | 120215t xxu||||| |||| 00| 0 eng d | ||
| 010 | _a 2006042802 | ||
| 020 | _a3764375582 (pbk.) | ||
| 020 | _a9783764375584 (pbk.) | ||
| 035 | _a(OCoLC)ocm64771077 | ||
| 040 | _c0 | ||
| 082 | 0 | 0 | _a711.4 |
| 100 | 1 | _aKrier, Rob. | |
| 245 | 1 | 0 |
_aTown spaces : _bcontemporary interpretations in traditional urbanism : Krier-Kohl-Architects / _cRob Krier ; introduction by Michael Graves ; essays by Hans Ibelings, Philipp Meuser, Harald Bodenschatz ; [translation, Fiona Greenwood Fincannon]. |
| 250 | _a2nd rev. ed. | ||
| 260 |
_aBasel ; _aBoston : _bBirkhä̈user, _cc2006. |
||
| 300 |
_a288 p. : _bill. (some col.), maps (some col.) ; _c29 cm. |
||
| 500 | _aIncludes indexes. | ||
| 610 | 2 | 0 | _aRob Krier-Christoph Kohl Architects. |
| 650 | 0 |
_aCity planning _xHistory _y20th century. |
|
| 650 | 0 |
_aSpace (Architecture) _xHistory _y20th century. |
|
| 700 | 1 | _aIbelings, Hans. | |
| 700 | 1 |
_aMeuser, Philipp, _d1969- |
|
| 700 | 1 | _aBodenschatz, Harald. | |
| 942 |
_aSADA _cBK _k711.4 KRI 2006 _2ddc |
||
| 999 |
_c352176 _d352176 |
||